000 00786nam a2200265Ia 4500
003 OSt
005 20221005093057.0
006 a|||||r|||| 00| 0
007 ta
008 221004b |||||||| |||| 00| 0 eng d
020 _a0690646070 (pbk)
024 _a121106
037 _bGift, 13/09/2012,
_cTextual
040 _aCRL
_cCRL
_beng
041 _2eng
_aeng
082 _aW, L2
100 _aSmith Michael P Ed.
245 0 _aPolitical obligation and civil disobedience
_b Readings
260 _aNew York
_bThomas Y. Crowell Company USA
_c1972
300 _a431p.
_ccm.
650 _aPOLITICAL SCIENCE
700 _a Deutsch Kenneth L Ed.
942 _hW, L2
_cTEXL
_2cc
999 _c999805
_d999805